MARC

LEADER 00000nam0a2200000 4500
001 21949
005 20231030194344.0
035 |a (RuTPU)RU\TPU\book\22158 
035 |a BOOK00000022 
090 |a 21949 
100 |a 20011209d1975 km y0rusy50 ca 
101 0 |a rus  |a ger 
102 |a RU 
105 |a y e 000zy 
200 1 |a Немецко-русский фразеологический словарь  |f сост. Л. Э. Бинович, Н. Н. Гришин 
205 |a 2-е изд., испр. и доп. 
210 |a Москва  |c Русский язык  |d 1975 
215 |a 656 с. 
610 1 |a немецкий язык 
610 1 |a словари 
610 1 |a фразеологические словари 
610 1 |a словосочетания 
610 1 |a идиомы 
610 1 |a пословицы 
610 1 |a поговорки 
610 1 |a афоризмы 
610 1 |a крылатые выражения 
686 |a Ш143.24-4  |v LBC/SL-A  |2 rubbk 
686 |a Ш143.24-3  |v LBC/SL-A  |2 rubbk 
702 1 |a Бинович  |b Л. Э.  |g Леонид Эдуардович  |4 220 
702 1 |a Гришин  |b Н. Н.  |g Николай Николаевич  |4 220 
801 0 |a RU  |b 63413507  |c 20011209  |g PSBO 
801 2 |a RU  |b 63413507  |c 20110916  |g PSBO 
942 |c BK